<?xml version="1.0" encoding="UTF-8"?>
<collection xmlns="http://www.loc.gov/MARC21/slim">
 <record>
  <leader>00996nam a2200181   4500</leader>
  <controlfield tag="001">1/21305</controlfield>
  <controlfield tag="008">980205s1973    gr       d    00010 gre d</controlfield>
  <datafield tag="035" ind1=" " ind2=" ">
   <subfield code="l">21932</subfield>
  </datafield>
  <datafield tag="040" ind1=" " ind2=" ">
   <subfield code="a">GR-PeUP</subfield>
  </datafield>
  <datafield tag="082" ind1="0" ind2="0">
   <subfield code="a">330.0321 89 ΑΓ</subfield>
  </datafield>
  <datafield tag="090" ind1=" " ind2=" ">
   <subfield code="a">R 330.0321 89 ΑΓ</subfield>
  </datafield>
  <datafield tag="245" ind1="0" ind2="0">
   <subfield code="a">Αγγλοελληνικόν ελληνοαγγλικόν λεξικόν οικονομικών συναλλαγών:</subfield>
   <subfield code="b">βιομηχανία, εμπόριον, ναυτιλία, μεταφοραί, τράπεζαι, εργασία, συντομογραφίαι, αλληλογραφία.</subfield>
  </datafield>
  <datafield tag="260" ind1=" " ind2=" ">
   <subfield code="a">Αθήναι:</subfield>
   <subfield code="b">Hellenews - Βιβλιοθήκη Επιχειρήσεως,</subfield>
   <subfield code="c">1973.</subfield>
  </datafield>
  <datafield tag="300" ind1=" " ind2=" ">
   <subfield code="a">271 σ. ;</subfield>
   <subfield code="c">21 εκ.</subfield>
  </datafield>
  <datafield tag="650" ind1=" " ind2="4">
   <subfield code="a">Οικονομία</subfield>
   <subfield code="x">Λεξικά.</subfield>
  </datafield>
  <datafield tag="650" ind1=" " ind2="4">
   <subfield code="a">Οικονομικές συναλλαγές.</subfield>
  </datafield>
  <datafield tag="852" ind1=" " ind2=" ">
   <subfield code="a">INST</subfield>
   <subfield code="b">UNIPILB</subfield>
   <subfield code="c">REF</subfield>
   <subfield code="e">20040709</subfield>
   <subfield code="h">330.0321 89 ΑΓ</subfield>
   <subfield code="p">00106424</subfield>
   <subfield code="q">00106424</subfield>
   <subfield code="t">NOLOAN</subfield>
   <subfield code="y">23</subfield>
   <subfield code="4">2</subfield>
  </datafield>
  <datafield tag="852" ind1=" " ind2=" ">
   <subfield code="a">INST</subfield>
   <subfield code="b">UNIPILB</subfield>
   <subfield code="c">REF</subfield>
   <subfield code="e">20040709</subfield>
   <subfield code="h">330.0321 89 ΑΓ</subfield>
   <subfield code="p">00117314</subfield>
   <subfield code="q">00117314</subfield>
   <subfield code="t">NOLOAN</subfield>
   <subfield code="y">23</subfield>
   <subfield code="4">1</subfield>
  </datafield>
 </record>
</collection>
